000 01640 a2200325 4500
999 _c118571
_d118571
003 BJBSDDR
005 20230411090915.0
007 ta
008 230202s2007 sp ||||| |||| 00| 0 spa d
020 _a9788483467435
020 _a8483467437
040 _bspa
_cBJBSDDR
041 _aspa
_heng
050 1 4 _aPS 3515
_bH488c 2007
100 1 _aHemingway, Ernest,
_d1899-1961
240 1 0 _aFirst forty-nine stories.
_lEspañol
245 1 0 _aCuentos /
_cErnest Hemingway ; Introducción de Gabriel García Márquez ; Traducción de Damián Alou
260 _aBarcelona :
_bPenguin Random House Grupo Editorial,
_c2007.
300 _a595 páginas ;
_c19 cm.
490 1 _aContemporánea (Debolsillo)
500 _aTraducido de: The first forty-nine stories
520 _a"Esta edición recupera la recopilación que el propio Hemingway hiciera de todos sus cuentos en 1938, conocida como Los cuarenta y nueve primeros cuentos, donde se encuentran relatos tan magistrales como <<Las nieves del Kilimanjaro>> o <<Padres e hijos>>. El mundo estético y moral de Hemingway se encuentra aquí destilado, seco, sobrio, cegador, latente. La caza, la pesca, el boxeo, la guerra, el alcohol, el deseo o la derrota son algunos de los materiales con que se construye esta obra cuyo aliento perdura con un vigor insospechado."--Page 4 of cover
586 _aPremio Nobel de literatura
650 4 _911215
_aCuentos estadounidenses
700 1 _9868
_aGarcía Márquez, Gabriel,
_d1927-2014
700 1 _923926
_aAlou, Damián,
_d1959-
_etraductor
830 0 _910906
_aContemporánea (Debolsillo)
942 _2lcc
_cBK
946 _irmza